[Event "Gorges op 22th"]
[Site "Gorges"]
[Date "2012.07.13"]
[Round "7"]
[White "Lebedel, Marc"]
[Black "Foucaud, Philippe"]
[Result "0-1"]
[WhiteElo "1587"]
[BlackElo "1691"]
[PlyCount "62"]
[EventDate "2012.07.08"]
[EventType "swiss"]
[EventRounds "7"]
[EventCountry "FRA"]
[SourceTitle "CBM 149 Extra"]
[Source "ChessBase"]
[SourceDate "2012.08.24"]
[SourceVersion "1"]
[SourceVersionDate "2012.08.24"]
[SourceQuality "1"]

1. e4 c5 2. Nf3 g6 3. d4 cxd4 4. Nxd4 Bg7 5. Nc3 Nc6 6. Be3 Nf6 7. f3 0-0 8. Qd2 d6 9. g4 Bd7 10. h4 Nxd4 11. Bxd4 Bc6 12. h5 e6 13. hxg6 fxg6 14. 0-0-0 Qe7 15. Be3 d5 16. Bh6 Bxh6 17. Qxh6 dxe4 18. g5 Nh5 19. Nxe4 Bxe4 20. fxe4 Ng3 21. Rg1 Nxf1 22. Rgxf1 Rxf1 23. Rxf1 Rf8 24. Re1 Qf7 25. Rh1 Qf4+ 26. Kd1 Rd8+ 27. Ke1 Qxe4+ 28. Kf2 Rf8+ 29. Kg3 Qf3+ 30. Kh2 Qf2+ 31. Kh3 Rf3+ 0-1

[Event "Gorges op 22th"]
[Site "Gorges"]
[Date "2012.07.11"]
[Round "5"]
[White "Broin, Christian"]
[Black "Foucaud, Philippe"]
[Result "1/2-1/2"]
[WhiteElo "1787"]
[BlackElo "1691"]
[PlyCount "118"]
[EventDate "2012.07.08"]
[EventType "swiss"]
[EventRounds "7"]
[EventCountry "FRA"]
[SourceTitle "CBM 149 Extra"]
[Source "ChessBase"]
[SourceDate "2012.08.24"]
[SourceVersion "1"]
[SourceVersionDate "2012.08.24"]
[SourceQuality "1"]

1. d4 Nf6 2. Nf3 e6 3. e3 b6 4. Bd3 Bb7 5. 0-0 c5 6. c3 a6 7. Nbd2 d5 8. Qe2 c4 9. Bc2 Be7 10. e4 0-0 11. e5 Nfd7 12. h3 Re8 13. Nh2 Bf8 14. Ndf3 Nc6 15. Bxh7+ Kh8 16. Ng5 Qxg5 17. Bxg5 Kxh7 18. Qh5+ Kg8 19. Nf3 Be7 20. Bxe7 Rxe7 21. Ng5 Nf8 22. f4 Bc8 23. Qe2 g6 24. Kf2 Bd7 25. Rh1 Nh7 26. Nxh7 Kxh7 27. h4 Rg8 28. Qg4 Kg7 29. h5 b5 30. h6+ Kh7 31. Qg5 Be8 32. Rh3 Rb7 33. b4 a5 34. a3 Ra7 35. Rhh1 a4 36. g4 Ne7 37. Rae1 Rd7 38. Rh3 Rb7 39. Ree3 Rd7 40. Ref3 Rb7 41. Qf6 Rd7 42. Rhg3 Rb7 43. f5 exf5 44. gxf5 Ra7 45. fxg6+ Nxg6 46. Qb6 Re7 47. Rf6 Kxh6 48. Qc5 Re6 49. Rxe6 fxe6 50. Qd6 Bf7 51. Qb6 Rf8 52. Kg1 Nf4 53. Kh2 Ne2 54. Rf3 Kg5 55. Rxf7 Rxf7 56. Qxe6 Rf2+ 57. Kh1 Rf1+ 58. Kh2 Rf2+ 59. Kh1 Rf1+ 1/2-1/2

[Event "Chamalieres op"]
[Site "Chamalieres"]
[Date "2009.10.24"]
[Round "1"]
[White "Claverie, Christophe"]
[Black "Foucaud, Philippe"]
[Result "1-0"]
[WhiteElo "2343"]
[BlackElo "1800"]
[PlyCount "53"]
[EventDate "2009.10.24"]
[EventType "swiss"]
[EventRounds "9"]
[EventCountry "FRA"]
[SourceTitle "EXT 2010"]
[Source "ChessBase"]
[SourceDate "2010.11.25"]
[SourceVersion "1"]
[SourceVersionDate "2010.11.25"]
[SourceQuality "1"]

1. e4 c5 2. Nf3 Nc6 3. Bb5 a6 4. Bxc6 bxc6 5. d3 d6 6. h3 Nf6 7. 0-0 Bd7 8. e5 Nd5 9. c4 Nc7 10. Re1 d5 11. Nc3 e6 12. Na4 Rb8 13. Be3 d4 14. Bd2 Be7 15. Ba5 Qc8 16. Qd2 0-0 17. Bb6 Na8 18. Bxc5 Bxc5 19. Nxc5 Rd8 20. Nxd4 Be8 21. Ndb3 Nb6 22. Qf4 Nd7 23. Re3 Nxc5 24. Nxc5 Rxb2 25. Rg3 a5 26. Qh6 g6 27. Ne4 1-0

[Event "FRA-chT4 0506"]
[Site "France"]
[Date "2005.10.02"]
[Round "1"]
[White "Foucaud, Philippe"]
[Black "Nouhaud, Laurent"]
[Result "1-0"]
[WhiteElo "1730"]
[BlackElo "1810"]
[PlyCount "95"]
[EventDate "2005.10.02"]
[EventType "team"]
[EventRounds "9"]
[EventCountry "FRA"]
[SourceTitle "EXT 2007"]
[Source "ChessBase"]
[SourceDate "2006.11.23"]
[SourceVersion "1"]
[SourceVersionDate "2006.11.23"]
[SourceQuality "1"]

1. e4 e5 2. Nf3 Nc6 3. Bb5 a6 4. Ba4 Nf6 5. 0-0 b5 6. Bb3 d6 7. Ng5 d5 8. exd5 Nd4 9. c3 Nxb3 10. axb3 Qxd5 11. d3 Bb7 12. Nf3 Bd6 13. Na3 0-0 14. Bg5 Ng4 15. h3 Nh2 16. Kxh2 e4+ 17. g3 exf3 18. Be3 Qf5 19. Rg1 Bc8 20. Qf1 Re8 21. Nc2 g5 22. Nd4 Qf6 23. Nxb5 h5 24. Nxd6 cxd6 25. Ra5 Re5 26. Bd4 h4 27. Bxe5 dxe5 28. Qd1 Qf5 29. Qf1 Kg7 30. d4 f6 31. b4 Bd7 32. dxe5 fxe5 33. g4 Qf4+ 34. Kh1 e4 35. Qe1 Bb5 36. b3 Be2 37. c4 Re8 38. Rf5 Qd6 39. Rxg5+ Kf7 40. Rf5+ Kg6 41. Qc1 e3 42. Rd5 Qxb4 43. Qc2+ Kg7 44. Rg5+ Kf6 45. Qg6+ Ke7 46. Re5+ Kd7 47. Qxe8+ Kc7 48. Rxe3 1-0